00618nam a2200169 a 450000100100000000500170001000800410002704000250006808200150009310000390010824500760014726000660022330000200028904900090030995201130031899900170043100003043920200930062319.0110517s1984 dr 000 0 spa d aDO-SdBNPbspacBNPHU axxxbR696m1 aRodríguez Bonilla, Manuel93865710aMao su cultura a través de la historia /cManuel Rodríguez Bonilla. aMao, Valverde :bAsociación Médica Regional Norte,c1984. a24 p. ;c22 cm. aBNPD 0010718PDaPDbPDcCTd2011-05-17iLF1l0oxxx R696mp30439-10r2020-06-25w2020-06-25yLFPDZNo se presta c29931d29931